Normal view
MARC view
- تقديم بينتلي،اريك ؛ ترجمة يوسف عبد المسيح ثروت
Entry Personal Name
001 - CONTROL NUMBER
- control field: 18956
003 - CONTROL NUMBER IDENTIFIER
- control field: JO-AjAnu
005 - DATE AND TIME OF LATEST TRANSACTION
- control field: 20230606073323.0
008 - FIXED-LENGTH DATA ELEMENTS
- fixed length control field: 230606|| aca||aabn | a|a d
040 ## - CATALOGING SOURCE
- Original cataloging agency: JO-AjAnu
- Transcribing agency: JO-AjAnu
100 ## - HEADING--PERSONAL NAME
- Personal name: تقديم بينتلي،اريك ؛ ترجمة يوسف عبد المسيح ثروت
670 ## - SOURCE DATA FOUND
- Source citation: Work cat.: (JO-AjAnu)9727: تقديم بينتلي،اريك ؛ ترجمة يوسف عبد المسيح ثروت, author, نظرية المسرح الحديث: مدخل إلى المسرح والدراما